[Event "Campeonato España Sub 16"]
[Site "Salobreña"]
[Date "2017.07.28"]
[Round "7"]
[White "Sole Pijuan, Ferran"]
[Black "Gonzalvez Tamarit, Ruben"]
[Result "0-1"]
[Board "11"]
[WhiteClock "n/a"]
[WhiteElo "2216"]
[WhiteCountry "ESP"]
[WhiteFideId "32045611"]
[WhiteEloChange "-16"]
[BlackClock "n/a"]
[BlackElo "1954"]
[BlackCountry "ESP"]
[BlackFideId "32041764"]
[BlackEloChange "16"]

1. d4 {[%clk 1:30:30]} Nf6 {[%clk 1:30:30]} 2. c4 {[%clk 1:30:30]} e6 {[%clk
1:30:30]} 3. Nc3 {[%clk 1:30:30]} Bb4 {[%clk 1:30:30]} 4. e3 {[%clk 1:30:30]} O-O
{[%clk 1:30:30]} 5. Ne2 {[%clk 1:30:30]} c6 {[%clk 1:30:30]} 6. a3 {[%clk
1:30:30]} Ba5 {[%clk 1:30:30]} 7. Ng3 {[%clk 1:30:30]} d5 {[%clk 1:30:30]} 8. Bd3
{[%clk 1:30:30]} Nbd7 {[%clk 1:30:30]} 9. O-O {[%clk 1:30:30]} Bc7 {[%clk
1:30:30]} 10. Qc2 {[%clk 1:30:30]} dxc4 {[%clk 1:30:30]} 11. Bxc4 {[%clk
1:30:30]} Nb6 {[%clk 1:30:30]} 12. Ba2 {[%clk 1:30:30]} e5 {[%clk 1:30:30]} 13.
dxe5 {[%clk 1:30:30]} Bxe5 {[%clk 1:30:30]} 14. f4 {[%clk 1:30:30]} Bc7 {[%clk
1:30:30]} 15. Bb1 {[%clk 1:30:30]} Nbd5 {[%clk 1:30:30]} 16. Nxd5 {[%clk
1:30:30]} Qxd5 {[%clk 1:30:30]} 17. Kh1 {[%clk 1:30:30]} g6 {[%clk 1:30:30]} 18.
Ba2 {[%clk 1:30:30]} Qd8 {[%clk 1:30:30]} 19. b4 {[%clk 1:30:30]} Be6 {[%clk
1:30:30]} 20. Bxe6 {[%clk 1:30:30]} fxe6 {[%clk 1:30:30]} 21. Ne4 {[%clk
1:30:30]} Nxe4 {[%clk 1:30:30]} 22. Qxe4 {[%clk 1:30:30]} Qd5 {[%clk 1:30:30]}
23. Qc2 {[%clk 1:30:30]} Rad8 {[%clk 1:30:30]} 24. Bb2 {[%clk 1:30:30]} Qd3
{[%clk 1:30:30]} 25. Qc5 {[%clk 1:30:30]} Rf5 {[%clk 1:30:30]} 26. Qe7 {[%clk
1:30:30]} Qd7 {[%clk 1:30:30]} 27. Qh4 {[%clk 1:30:30]} Qf7 {[%clk 1:30:30]} 28.
g4 {[%clk 1:30:30]} Rfd5 {[%clk 1:30:30]} 29. e4 {[%clk 1:30:30]} Rd2 {[%clk
1:30:30]} 30. Bf6 {[%clk 1:30:30]} R8d3 {[%clk 1:30:30]} 31. g5 {[%clk 1:30:30]}
Qd7 {[%clk 1:30:30]} 32. Be5 {[%clk 1:30:30]} Re2 {[%clk 1:30:30]} 33. Qg4 {[%clk
1:30:30]} Rdd2 {[%clk 1:30:30]} 34. Bxc7 {[%clk 1:30:30]} Rxh2+ {[%clk 1:30:30]}
35. Kg1 {[%clk 1:30:30]} 0-1

[Event "Campeonato España Sub 16"]
[Site "Salobreña"]
[Date "2017.07.28"]
[Round "7"]
[White "Merelo Garcia, Francisco"]
[Black "Baquedano Coarasa, Pablo"]
[Result "1-0"]
[Board "12"]
[WhiteClock "1:30"]
[WhiteElo "1994"]
[WhiteCountry "ESP"]
[WhiteFideId "32092539"]
[WhiteEloChange "14"]
[BlackClock "1:30"]
[BlackElo "2151"]
[BlackCountry "ESP"]
[BlackFideId "32024991"]
[BlackEloChange "-14"]

1. e4 {[%clk 1:30:00]} c5 {[%clk 1:30:00]} 2. Nf3 {[%clk 1:31:00]} d6 {[%clk
1:31:00]} 3. d4 {[%clk 1:31:00]} cxd4 {[%clk 1:31:00]} 4. Nxd4 {[%clk 1:31:00]}
Nf6 {[%clk 1:32:00]} 5. Nc3 {[%clk 1:32:00]} a6 {[%clk 1:32:00]} 6. f3 {[%clk
1:32:00]} e5 {[%clk 1:32:00]} 7. Nb3 {[%clk 1:32:00]} Be6 {[%clk 1:32:00]} 8. Be3
{[%clk 1:33:00]} h5 {[%clk 1:32:00]} 9. Qd2 {[%clk 1:32:00]} Be7 {[%clk 1:33:00]}
10. h3 {[%clk 1:30:00]} h4 {[%clk 1:28:00]} 11. Rg1 {[%clk 1:28:00]} Nbd7 {[%clk
1:10:00]} 12. O-O-O {[%clk 1:21:00]} Rc8 {[%clk 1:06:00]} 13. Kb1 {[%clk
1:18:00]} Qc7 {[%clk 1:03:00]} 14. a3 {[%clk 1:05:00]} Nb6 {[%clk 0:49:00]} 15.
Qf2 {[%clk 1:03:00]} Nc4 {[%clk 0:46:00]} 16. Bxc4 {[%clk 1:03:00]} Bxc4 {[%clk
0:45:00]} 17. f4 {[%clk 1:01:00]} b5 {[%clk 0:34:00]} 18. fxe5 {[%clk 1:00:00]}
dxe5 {[%clk 0:34:00]} 19. Bg5 {[%clk 0:58:00]} Ng8 {[%clk 0:28:00]} 20. Bxe7
{[%clk 0:56:00]} Nxe7 {[%clk 0:28:00]} 21. g3 {[%clk 0:55:00]} hxg3 {[%clk
0:25:00]} 22. Rxg3 {[%clk 0:55:00]} Ng6 {[%clk 0:25:00]} 23. Nd2 {[%clk 0:49:00]}
Be6 {[%clk 0:24:00]} 24. Nf1 {[%clk 0:46:00]} Rh4 {[%clk 0:14:07]} 25. Rxg6
{[%clk 0:31:00]} Rf4 {[%clk 0:14:29]} 26. Rxe6+ {[%clk 0:31:00]} fxe6 {[%clk
0:14:53]} 27. Qg1 {[%clk 0:31:00]} Kf7 {[%clk 0:09:42]} 28. Qg5 {[%clk 0:29:00]}
Kg8 {[%clk 0:08:29]} 29. Ne3 {[%clk 0:29:00]} Rcf8 {[%clk 0:05:19]} 30. Ng4
{[%clk 0:28:00]} Rf1 {[%clk 0:04:48]} 31. Nxe5 {[%clk 0:22:00]} Rxd1+ {[%clk
0:03:03]} 32. Nxd1 {[%clk 0:23:00]} Rf1 {[%clk 0:03:20]} 33. Kc1 {[%clk 0:23:00]}
Qd6 {[%clk 0:02:47]} 34. Nd3 {[%clk 0:22:00]} Qd4 {[%clk 0:03:13]} 35. e5 {[%clk
0:19:49]} a5 {[%clk 0:02:06]} 36. Kd2 {[%clk 0:18:35]} Rg1 {[%clk 0:02:29]} 37.
Qh5 {[%clk 0:16:15]} Rg2+ {[%clk 0:02:18]} 38. Kc1 {[%clk 0:16:32]} Rg1 {[%clk
0:02:06]} 39. Qf3 {[%clk 0:16:14]} Qh4 {[%clk 0:01:22]} 40. Kd2 {[%clk 0:15:21]}
Rg3 {[%clk 0:00:54]} 41. Qa8+ {[%clk 0:15:30]} Kh7 {[%clk 0:01:18]} 42. N1f2
{[%clk 0:15:39]} Qg5+ {[%clk 0:01:24]} 43. Ke2 {[%clk 0:12:15]} Re3+ {[%clk
0:00:53]} 44. Kf1 {[%clk 0:12:19]} Qh5 {[%clk 0:00:39]} 45. Qc6 {[%clk 0:11:14]}
b4 {[%clk 0:00:37]} 46. axb4 {[%clk 0:11:30]} axb4 {[%clk 0:01:06]} 47. b3 {[%clk
0:10:55]} Qe2+ {[%clk 0:00:36]} 48. Kg2 {[%clk 0:10:52]} Kh8 {[%clk 0:00:33]} 49.
Nf4 {[%clk 0:10:03]} Qd2 {[%clk 0:00:46]} 50. Qxe6 {[%clk 0:05:29]} Qxc2 {[%clk
0:00:54]} 51. Qe8+ {[%clk 0:05:07]} Kh7 {[%clk 0:01:23]} 52. Qh5+ {[%clk
0:01:23]} Kg8 {[%clk 0:01:49]} 53. e6 {[%clk 0:04:54]} Qxb3 {[%clk 0:00:40]} 54.
Qf7+ {[%clk 0:03:46]} Kh7 {[%clk 0:01:05]} 55. Qf5+ {[%clk 0:04:10]} Kg8 {[%clk
0:01:07]} 56. Kh2 {[%clk 0:03:22]} Qa2 {[%clk 0:01:07]} 57. Nd5 {[%clk 0:03:22]}
Re2 {[%clk 0:01:07]} 58. Ne7+ {[%clk 0:03:22]} Kh8 {[%clk 0:01:07]} 59. Qh5#
{[%clk 0:03:22]} 1-0

[Event "Campeonato España Sub 16"]
[Site "Salobreña"]
[Date "2017.07.28"]
[Round "7"]
[White "Garcia Sancho, Josep"]
[Black "Lechuga Cabrero, Luis Miguel"]
[Result "1-0"]
[Board "13"]
[WhiteClock "1:30"]
[WhiteElo "2092"]
[WhiteCountry "ESP"]
[WhiteFideId "32010168"]
[WhiteEloChange "7"]
[BlackClock "1:30"]
[BlackElo "1979"]
[BlackCountry "ESP"]
[BlackFideId "22274693"]
[BlackEloChange "-7"]

1. d4 {[%clk 1:30:00]} Nf6 {[%clk 1:30:00]} 2. c4 {[%clk 1:31:00]} e6 {[%clk
1:30:00]} 3. g3 {[%clk 1:31:00]} d5 {[%clk 1:28:00]} 4. Bg2 {[%clk 1:32:00]} c6
{[%clk 1:28:00]} 5. Nf3 {[%clk 1:32:00]} Bd6 {[%clk 1:28:00]} 6. O-O {[%clk
1:32:00]} Nbd7 {[%clk 1:26:00]} 7. Nc3 {[%clk 1:32:00]} O-O {[%clk 1:26:00]} 8.
Nd2 {[%clk 1:33:00]} dxc4 {[%clk 1:03:00]} 9. Nxc4 {[%clk 1:32:00]} Bc7 {[%clk
1:03:00]} 10. b3 {[%clk 1:04:00]} e5 {[%clk 0:50:00]} 11. Ba3 {[%clk 1:01:00]}
Re8 {[%clk 0:48:00]} 12. d5 {[%clk 1:01:00]} cxd5 {[%clk 0:45:00]} 13. Nxd5
{[%clk 1:01:00]} Nxd5 {[%clk 0:45:00]} 14. Qxd5 {[%clk 0:59:00]} Qg5 {[%clk
0:32:00]} 15. Rfd1 {[%clk 0:31:00]} Nb6 {[%clk 0:22:00]} 16. Qb5 {[%clk 0:26:00]}
Be6 {[%clk 0:18:15]} 17. Nxb6 {[%clk 0:24:00]} Bxb6 {[%clk 0:17:37]} 18. Bxb7
{[%clk 0:21:00]} Rad8 {[%clk 0:15:51]} 19. Rd3 {[%clk 0:20:00]} Bf5 {[%clk
0:10:52]} 20. Rd5 {[%clk 0:19:34]} Qf6 {[%clk 0:07:43]} 21. Bc5 {[%clk 0:18:49]}
Bxc5 {[%clk 0:07:15]} 22. Qxc5 {[%clk 0:18:39]} Rxd5 {[%clk 0:06:44]} 23. Bxd5
{[%clk 0:17:52]} Rd8 {[%clk 0:05:19]} 24. Rc1 {[%clk 0:16:59]} h6 {[%clk
0:04:29]} 25. Bb7 {[%clk 0:15:41]} Rd2 {[%clk 0:04:27]} 26. Qxa7 {[%clk 0:14:21]}
Rxe2 {[%clk 0:04:48]} 27. Bf3 {[%clk 0:12:20]} Rb2 {[%clk 0:03:24]} 28. Re1
{[%clk 0:11:38]} Bb1 {[%clk 0:02:11]} 29. Qb8+ {[%clk 0:10:45]} Kh7 {[%clk
0:02:35]} 30. Qxe5 {[%clk 0:09:37]} Qxe5 {[%clk 0:02:35]} 31. Rxe5 {[%clk
0:10:03]} Bxa2 {[%clk 0:02:32]} 32. Be4+ {[%clk 0:10:22]} g6 {[%clk 0:02:55]} 33.
Re7 {[%clk 0:09:47]} Bxb3 {[%clk 0:01:52]} 34. Rb7 {[%clk 0:10:07]} Kg7 {[%clk
0:01:59]} 35. Bd3 {[%clk 0:07:13]} Kf6 {[%clk 0:01:29]} 36. Rb5 {[%clk 0:07:35]}
Ke7 {[%clk 0:00:43]} 37. Kg2 {[%clk 0:07:37]} Kd6 {[%clk 0:00:41]} 38. Bc4 {[%clk
0:07:42]} Rxf2+ {[%clk 0:00:54]} 39. Kxf2 {[%clk 0:08:10]} Bxc4 {[%clk 0:01:24]}
40. Rb4 {[%clk 0:08:06]} Be6 {[%clk 0:01:03]} 41. Ke3 {[%clk 0:08:29]} Kc5 {[%clk
0:00:38]} 42. Ra4 {[%clk 0:08:15]} Kb5 {[%clk 0:00:54]} 43. Rd4 {[%clk 0:08:33]}
Kc5 {[%clk 0:01:19]} 44. Rd8 {[%clk 0:08:46]} h5 {[%clk 0:01:19]} 45. Kf4 {[%clk
0:09:09]} Kc6 {[%clk 0:01:18]} 46. Ke5 {[%clk 0:09:26]} Kc7 {[%clk 0:01:16]} 47.
Rd1 {[%clk 0:09:47]} Kc6 {[%clk 0:00:38]} 48. Rd6+ {[%clk 0:09:37]} Kc7 {[%clk
0:00:51]} 49. Rxe6 {[%clk 0:10:01]} fxe6 {[%clk 0:01:17]} 50. Kxe6 {[%clk
0:10:27]} g5 {[%clk 0:01:02]} 51. Kf5 {[%clk 0:10:51]} h4 {[%clk 0:01:24]} 52.
Kxg5 {[%clk 0:11:14]} hxg3 {[%clk 0:01:52]} 53. hxg3 {[%clk 0:01:26]} Kd7 {[%clk
0:01:57]} 54. Kh6 {[%clk 0:01:26]} 1-0

[Event "Campeonato España Sub 16"]
[Site "Salobreña"]
[Date "2017.07.28"]
[Round "7"]
[White "Martinez Bernardo, Aitor"]
[Black "Torcal Miguel, Oscar"]
[Result "0-1"]
[Board "14"]
[WhiteClock "1:30"]
[WhiteElo "1803"]
[WhiteCountry "ESP"]
[WhiteFideId "32010109"]
[WhiteEloChange "-4"]
[BlackClock "1:30"]
[BlackElo "2033"]
[BlackCountry "ESP"]
[BlackFideId "32025700"]
[BlackEloChange "4"]

1. c4 {[%clk 1:30:00]} Nf6 {[%clk 1:30:00]} 2. g3 {[%clk 1:29:00]} g6 {[%clk
1:30:00]} 3. Bg2 {[%clk 1:29:00]} Bg7 {[%clk 1:30:00]} 4. Nc3 {[%clk 1:30:00]}
O-O {[%clk 1:29:00]} 5. e3 {[%clk 1:30:00]} d6 {[%clk 1:29:00]} 6. Nge2 {[%clk
1:30:00]} Nbd7 {[%clk 1:27:00]} 7. O-O {[%clk 1:29:00]} e5 {[%clk 1:26:00]} 8. d4
{[%clk 1:29:00]} Qe7 {[%clk 1:25:00]} 9. b3 {[%clk 1:28:00]} c6 {[%clk 1:21:00]}
10. Ba3 {[%clk 1:22:00]} e4 {[%clk 1:18:00]} 11. Qc2 {[%clk 1:21:00]} Re8 {[%clk
1:18:00]} 12. Rad1 {[%clk 1:21:00]} Nf8 {[%clk 1:17:00]} 13. h4 {[%clk 1:08:00]}
Bf5 {[%clk 1:16:00]} 14. Nf4 {[%clk 1:07:00]} h5 {[%clk 1:13:00]} 15. d5 {[%clk
1:01:00]} c5 {[%clk 1:13:00]} 16. b4 {[%clk 1:01:00]} b6 {[%clk 1:12:00]} 17.
bxc5 {[%clk 1:01:00]} bxc5 {[%clk 1:12:00]} 18. Nb1 {[%clk 1:01:00]} Ng4 {[%clk
1:08:00]} 19. Nd2 {[%clk 1:01:00]} Bf6 {[%clk 1:07:00]} 20. Bb2 {[%clk 0:58:00]}
Bxb2 {[%clk 1:02:00]} 21. Qxb2 {[%clk 0:58:00]} Nd7 {[%clk 1:01:00]} 22. Qb7
{[%clk 0:56:00]} Reb8 {[%clk 0:56:00]} 23. Qc7 {[%clk 0:56:00]} Rc8 {[%clk
0:56:00]} 24. Qa5 {[%clk 0:55:00]} Ndf6 {[%clk 0:53:00]} 25. Rb1 {[%clk 0:55:00]}
Rab8 {[%clk 0:52:00]} 26. Rb5 {[%clk 0:55:00]} Rxb5 {[%clk 0:47:00]} 27. Qxb5
{[%clk 0:55:00]} Ne5 {[%clk 0:46:00]} 28. Rb1 {[%clk 0:53:00]} Qc7 {[%clk
0:42:00]} 29. a4 {[%clk 0:50:00]} Bd7 {[%clk 0:41:00]} 30. Qa6 {[%clk 0:48:00]}
Rb8 {[%clk 0:41:00]} 31. Rxb8+ {[%clk 0:45:00]} Qxb8 {[%clk 0:41:00]} 32. Qa5
{[%clk 0:45:00]} Qb6 {[%clk 0:40:00]} 33. Qc3 {[%clk 0:44:00]} Bxa4 {[%clk
0:40:00]} 34. Nh3 {[%clk 0:43:00]} Qb4 {[%clk 0:40:00]} 35. Qa1 {[%clk 0:43:00]}
Qxd2 {[%clk 0:36:00]} 36. Qxa4 {[%clk 0:43:00]} Qe1+ {[%clk 0:36:00]} 37. Bf1
{[%clk 0:43:00]} Nf3+ {[%clk 0:36:00]} 0-1

[Event "Campeonato España Sub 16"]
[Site "Salobreña"]
[Date "2017.07.28"]
[Round "7"]
[White "Cubas Cabrera, Angel Luis"]
[Black "Ledesma Claros, Daniel"]
[Result "1-0"]
[Board "15"]
[WhiteClock "1:30"]
[WhiteElo "2029"]
[WhiteCountry "ESP"]
[WhiteFideId "32046561"]
[WhiteEloChange "7"]
[BlackClock "1:30"]
[BlackElo "1940"]
[BlackCountry "ESP"]
[BlackFideId "24521558"]
[BlackEloChange "-7"]

1. d4 {[%clk 1:30:00]} Nf6 {[%clk 1:30:00]} 2. c4 {[%clk 1:31:00]} e6 {[%clk
1:31:00]} 3. g3 {[%clk 1:31:00]} c5 {[%clk 1:29:00]} 4. d5 {[%clk 1:31:00]} exd5
{[%clk 1:27:00]} 5. cxd5 {[%clk 1:31:00]} d6 {[%clk 1:23:00]} 6. Nc3 {[%clk
1:31:00]} g6 {[%clk 1:23:00]} 7. Bg2 {[%clk 1:31:00]} Bg7 {[%clk 1:23:00]} 8. Nf3
{[%clk 1:31:00]} O-O {[%clk 1:24:00]} 9. O-O {[%clk 1:32:00]} Re8 {[%clk
1:24:00]} 10. Nd2 {[%clk 1:25:00]} Bd7 {[%clk 1:17:00]} 11. Nc4 {[%clk 1:19:00]}
Qc7 {[%clk 1:13:00]} 12. Bf4 {[%clk 1:15:00]} Bf8 {[%clk 1:14:00]} 13. a4 {[%clk
1:15:00]} Nh5 {[%clk 1:10:00]} 14. Bg5 {[%clk 1:10:00]} f6 {[%clk 0:52:00]} 15.
Bd2 {[%clk 1:04:00]} b6 {[%clk 0:51:00]} 16. h3 {[%clk 0:58:00]} f5 {[%clk
0:45:00]} 17. Kh2 {[%clk 0:53:00]} Nf6 {[%clk 0:36:00]} 18. Re1 {[%clk 0:45:00]}
Qc8 {[%clk 0:30:00]} 19. Bg5 {[%clk 0:41:00]} Ne4 {[%clk 0:29:00]} 20. Nxe4
{[%clk 0:40:00]} fxe4 {[%clk 0:29:00]} 21. Bf4 {[%clk 0:40:00]} Qc7 {[%clk
0:18:03]} 22. Nd2 {[%clk 0:34:00]} e3 {[%clk 0:11:42]} 23. Bxe3 {[%clk 0:34:00]}
Bg7 {[%clk 0:12:06]} 24. Qb3 {[%clk 0:32:00]} Na6 {[%clk 0:11:33]} 25. Bf4 {[%clk
0:31:00]} Be5 {[%clk 0:10:49]} 26. Bxe5 {[%clk 0:31:00]} Rxe5 {[%clk 0:11:13]}
27. f4 {[%clk 0:29:00]} Rh5 {[%clk 0:10:36]} 28. Ne4 {[%clk 0:29:00]} Rf8 {[%clk
0:06:28]} 29. h4 {[%clk 0:25:00]} Bf5 {[%clk 0:05:07]} 30. Nf2 {[%clk 0:23:00]}
Qe7 {[%clk 0:03:13]} 31. e4 {[%clk 0:23:00]} Bd7 {[%clk 0:02:38]} 32. Kg1 {[%clk
0:23:00]} Qf6 {[%clk 0:02:28]} 33. Qc3 {[%clk 0:23:00]} Nb4 {[%clk 0:02:00]} 34.
Qxf6 {[%clk 0:22:00]} Rxf6 {[%clk 0:02:26]} 35. Re2 {[%clk 0:23:00]} b5 {[%clk
0:02:08]} 36. Bf3 {[%clk 0:23:00]} Rh6 {[%clk 0:02:09]} 37. Bg4 {[%clk 0:23:00]}
Rf7 {[%clk 0:02:06]} 38. Bxd7 {[%clk 0:23:00]} Rxd7 {[%clk 0:02:23]} 39. Ng4
{[%clk 0:24:00]} Kg7 {[%clk 0:02:41]} 40. Nxh6 {[%clk 0:24:00]} Kxh6 {[%clk
0:03:05]} 41. axb5 {[%clk 0:25:00]} Rb7 {[%clk 0:03:25]} 42. Rd1 {[%clk 0:24:00]}
Kg7 {[%clk 0:03:10]} 43. Ra1 {[%clk 0:24:00]} Kf7 {[%clk 0:03:08]} 44. Kg2 {[%clk
0:25:00]} Ke7 {[%clk 0:03:26]} 45. g4 {[%clk 0:25:00]} h5 {[%clk 0:03:28]} 46.
gxh5 {[%clk 0:25:00]} gxh5 {[%clk 0:03:48]} 47. Kf3 {[%clk 0:25:00]} Kf6 {[%clk
0:03:45]} 48. Rg2 {[%clk 0:25:00]} Nd3 {[%clk 0:03:57]} 49. Ke3 {[%clk 0:25:00]}
c4 {[%clk 0:04:02]} 50. Ra6 {[%clk 0:25:00]} Rxb5 {[%clk 0:04:15]} 51. e5+ {[%clk
0:25:00]} Kf7 {[%clk 0:03:50]} 52. Rxa7+ {[%clk 0:25:00]} Kf8 {[%clk 0:04:10]}
53. Ra8+ {[%clk 0:26:00]} Kf7 {[%clk 0:04:27]} 54. e6+ {[%clk 0:26:00]} Kf6
{[%clk 0:04:42]} 55. Rf8+ {[%clk 0:26:00]} Ke7 {[%clk 0:05:08]} 56. Rf7+ {[%clk
0:27:00]} Ke8 {[%clk 0:05:34]} 57. Rg8# {[%clk 0:27:00]} 1-0

[Event "Campeonato España Sub 16"]
[Site "Salobreña"]
[Date "2017.07.28"]
[Round "7"]
[White "Villacorta Nicolas, David"]
[Black "Gonzalez Serrato, Diego"]
[Result "1/2-1/2"]
[Board "16"]
[WhiteClock "1:30"]
[WhiteElo "2019"]
[WhiteCountry "ESP"]
[WhiteFideId "22295135"]
[WhiteEloChange "-4"]
[BlackClock "1:30"]
[BlackElo "1883"]
[BlackCountry "ESP"]
[BlackFideId "32069170"]
[BlackEloChange "4"]

1. e4 {[%clk 1:30:00]} c5 {[%clk 1:30:00]} 2. Nf3 {[%clk 1:31:00]} Nc6 {[%clk
1:31:00]} 3. d4 {[%clk 1:31:00]} cxd4 {[%clk 1:31:00]} 4. Nxd4 {[%clk 1:31:00]}
Nf6 {[%clk 1:32:00]} 5. Nc3 {[%clk 1:32:00]} e5 {[%clk 1:32:00]} 6. Ndb5 {[%clk
1:32:00]} d6 {[%clk 1:32:00]} 7. Bg5 {[%clk 1:32:00]} a6 {[%clk 1:33:00]} 8. Na3
{[%clk 1:32:00]} b5 {[%clk 1:33:00]} 9. Nd5 {[%clk 1:32:00]} Be7 {[%clk 1:34:00]}
10. Bxf6 {[%clk 1:33:00]} Bxf6 {[%clk 1:34:00]} 11. c3 {[%clk 1:33:00]} O-O
{[%clk 1:33:00]} 12. Nc2 {[%clk 1:31:00]} Bg5 {[%clk 1:33:00]} 13. a4 {[%clk
1:30:00]} bxa4 {[%clk 1:34:00]} 14. Rxa4 {[%clk 1:30:00]} a5 {[%clk 1:34:00]} 15.
Bc4 {[%clk 1:30:00]} Kh8 {[%clk 1:34:00]} 16. Nce3 {[%clk 1:28:00]} Ne7 {[%clk
1:34:00]} 17. O-O {[%clk 1:21:00]} Rb8 {[%clk 1:28:00]} 18. Nxe7 {[%clk 1:17:00]}
Qxe7 {[%clk 1:27:00]} 19. Nd5 {[%clk 1:17:00]} Qd8 {[%clk 1:28:00]} 20. b3 {[%clk
1:13:00]} f5 {[%clk 1:07:00]} 21. exf5 {[%clk 1:09:00]} Bxf5 {[%clk 1:07:00]} 22.
Qe2 {[%clk 1:07:00]} Be6 {[%clk 1:02:00]} 23. Rfa1 {[%clk 1:03:00]} Bxd5 {[%clk
0:55:00]} 24. Bxd5 {[%clk 1:03:00]} Qb6 {[%clk 0:52:00]} 25. Rxa5 {[%clk
0:30:00]} Rxf2 {[%clk 0:47:00]} 26. Qxf2 {[%clk 0:29:00]} Be3 {[%clk 0:47:00]}
27. Ra8 {[%clk 0:29:00]} Bxf2+ {[%clk 0:48:00]} 28. Kf1 {[%clk 0:29:00]} Bh4
{[%clk 0:41:00]} 29. Rxb8+ {[%clk 0:29:00]} Qxb8 {[%clk 0:41:00]} 30. Ra8 {[%clk
0:29:00]} Qxa8 {[%clk 0:41:00]} 31. Bxa8 {[%clk 0:29:00]} Kg8 {[%clk 0:41:00]}
32. Ke2 {[%clk 0:29:00]} Kf7 {[%clk 0:41:00]} 33. Ke3 {[%clk 0:29:00]} Be1 {[%clk
0:41:00]} 34. Bd5+ {[%clk 0:29:00]} Kf6 {[%clk 0:41:00]} 35. Kd3 {[%clk 0:29:00]}
h6 {[%clk 0:41:00]} 36. b4 {[%clk 0:29:00]} Ke7 {[%clk 0:41:00]} 37. b5 {[%clk
0:29:00]} Bf2 {[%clk 0:41:00]} 38. Ke4 {[%clk 0:29:00]} Kd8 {[%clk 0:41:00]} 39.
Kf5 {[%clk 0:29:00]} Ke7 {[%clk 0:41:00]} 40. c4 {[%clk 0:29:00]} Be3 {[%clk
0:41:00]} 41. Ke4 {[%clk 0:29:00]} Bf2 {[%clk 0:41:00]} 42. Bb7 {[%clk 0:29:00]}
Ke6 {[%clk 0:41:00]} 43. Bc8+ {[%clk 0:29:00]} Ke7 {[%clk 0:41:00]} 44. Kd5
{[%clk 0:29:00]} Kd8 {[%clk 0:41:00]} 45. Bf5 {[%clk 0:29:00]} Kc7 {[%clk
0:41:00]} 46. Ke6 {[%clk 0:29:00]} Bh4 {[%clk 0:41:00]} 47. Be4 {[%clk 0:29:00]}
Bf6 {[%clk 0:41:00]} 48. g3 {[%clk 0:29:00]} Bd8 {[%clk 0:41:00]} 49. h3 {[%clk
0:29:00]} Bf6 {[%clk 0:41:00]} 50. h4 {[%clk 0:29:00]} Bd8 {[%clk 0:41:00]} 51.
Kf7 {[%clk 0:29:00]} Bf6 {[%clk 0:41:00]} 52. Ke8 {[%clk 0:29:00]} Kb6 {[%clk
0:41:00]} 53. Kd7 {[%clk 0:29:00]} d5 {[%clk 0:41:00]} 54. cxd5 {[%clk 0:29:00]}
Kxb5 {[%clk 0:41:00]} 55. Kc7 {[%clk 0:29:00]} Kc5 {[%clk 0:41:00]} 56. d6 {[%clk
0:29:00]} Kd4 {[%clk 0:41:00]} 57. Bg2 {[%clk 0:29:00]} Ke3 {[%clk 0:41:00]} 58.
d7 {[%clk 0:29:00]} Kf2 {[%clk 0:41:00]} 59. Be4 {[%clk 0:29:00]} Kxg3 {[%clk
0:41:00]} 60. h5 {[%clk 0:29:00]} 1/2-1/2